| 000 | 00569nam a2200193 a 4500 | ||
|---|---|---|---|
| 999 |
_c4158 _d4158 |
||
| 003 | BD-JhCC | ||
| 005 | 20171123182723.0 | ||
| 008 | 171123s1996 b ||||| |||| 00| 0 b d | ||
| 035 | _a(BD-JhCC) | ||
| 040 |
_aBD-JhCC _dBD-JhCC |
||
| 041 | _aben | ||
| 082 |
_a891.4415 _bSUK 1996 |
||
| 100 | _aসুকান্ত | ||
| 245 |
_aসুকান্ত রচনা সমগ্র / _cসুকান্ত |
||
| 260 |
_aঢাকা : _bরহমান বুকস, _c১৯৯৬ |
||
| 300 |
_a175 p. : _c22cm. |
||
| 650 | _aCollection of poems | ||
| 942 |
_2ddc _cBK |
||